| 000 | 00971nam a22002175i 4500 | ||
|---|---|---|---|
| 001 | 162786 | ||
| 003 | ES-MaACL | ||
| 005 | 20250726075516.0 | ||
| 008 | 040722s1880 fr |||| | fre d | ||
| 040 |
_aCAM _bspa _cCAM |
||
| 080 | _a821.124.22:801.73 | ||
| 100 | 1 |
_aHavet, Louis. _9127818 |
|
| 245 | 1 | 3 |
_aLe Querolus _b: comédie latine anonyme: texte en vers restitué d'après un principe nouveau et traduit pour la première fois en française / _cprécédé d'un examen littéraire de la pièce par L. Havet. |
| 260 |
_aParis : _bF. Vieweg, _c1880. |
||
| 300 |
_aVI, 363 p. ; _c24 cm. |
||
| 490 | 1 |
_aBibliothéque de l'école des hautes études. Sciences philologiques et historiques ; _vfasc. 41 |
|
| 650 | 0 | 4 |
_aComedia latina- _xHistoria y crítica. _911156 |
| 830 | 0 | 0 |
_aBibliothèque de l'École des Hautes Études. Sciences historiques et philologiques _vfasc. 41 _9229685 |
| 852 |
_aES-MaACL _jC-7581 _z-- Enc. hol. |
||
| 999 |
_c162786 _d162786 |
||